[Event "U-2000 mot TR 2016"]
[Site "Reykjavik"]
[Date "2016.11.02"]
[Round "2"]
[White "Thorarensen, Adalsteinn"]
[Black "Baldursson, Haraldur"]
[Result "0-1"]
[WhiteElo "1714"]
[BlackElo "1957"]
[PlyCount "66"]
[EventDate "2016.10.26"]
[EventType "swiss"]
[EventRounds "7"]
[EventCountry "ISL"]

1. e4 c5 2. c3 d5 3. exd5 Qxd5 4. d4 e6 5. Nf3 Nf6 6. Bd3 Nc6 7. O-O Be7 8. Na3
O-O 9. Nb5 Qd8 10. Bf4 a6 11. Na3 cxd4 12. cxd4 b5 13. Nc2 Bb7 14. Rc1 Rc8 15.
h3 Nd5 16. Bg3 Bf6 17. Be4 g6 18. Ne3 Nce7 19. Rxc8 Qxc8 20. Qb1 Qa8 21. Ng4
Bg7 22. Nge5 Nb6 23. Bxb7 Qxb7 24. Re1 Rc8 25. Qe4 Qxe4 26. Rxe4 Rc2 27. Nd3
Nc4 28. Nfe1 Rd2 29. Bf4 Rd1 30. b3 Nb6 31. Kh2 Nbd5 32. Ne5 Nxf4 33. Rxf4 Rxe1
0-1

[Event "U-2000 mot TR 2016"]
[Site "Reykjavik"]
[Date "2016.11.02"]
[Round "2"]
[White "Fivelstad , Jon Olav"]
[Black "Holm, Fridgeir K"]
[Result "1/2-1/2"]
[WhiteElo "1918"]
[BlackElo "1739"]
[PlyCount "125"]
[EventDate "2016.10.26"]
[EventType "swiss"]
[EventRounds "7"]
[EventCountry "ISL"]

1. Nf3 b6 2. e4 d5 3. exd5 Qxd5 4. Nc3 Qd8 5. Bc4 e6 6. d4 Bb4 7. O-O Nf6 8.
Bg5 Be7 9. Qe2 c6 10. a4 O-O 11. Rad1 Nd5 12. Nxd5 Bxg5 13. Nc7 Qxc7 14. Nxg5
h6 15. Nf3 Nd7 16. Rfe1 Nf6 17. Ne5 Bb7 18. Nxf7 Rxf7 19. Bxe6 Re8 20. Qd3 Kf8
21. Bxf7 Rxe1+ 22. Rxe1 Qxf7 23. Qg3 Qd7 24. h3 Bc8 25. Qe5 Kf7 26. c4 Qe6 27.
Qc7+ Qd7 28. Qxd7+ Bxd7 29. Re5 Be6 30. b3 Nd7 31. Re3 a6 32. Rc3 Ke7 33. g4
Kd6 34. f4 g6 35. Kf2 b5 36. a5 h5 37. f5 Nf6 38. Kf3 hxg4+ 39. hxg4 gxf5 40.
g5 Ne4 41. Rc2 bxc4 42. bxc4 Bxc4 43. Kf4 Be6 44. Rb2 Nc3 45. g6 Nb5 46. Kg5
Nxd4 47. Kf6 f4 48. Rd2 c5 49. Rb2 Bc4 50. Rb6+ Kd5 51. Rxa6 Ke4 52. g7 f3 53.
Kg6 Nf5 54. Rf6 Nxg7 55. Kxg7 Ke3 56. a6 Bxa6 57. Rxa6 f2 58. Ra3+ Ke2 59. Ra2+
Kf3 60. Ra1 Kg2 61. Kf6 c4 62. Ke5 c3 63. Kd4 1/2-1/2

[Event "U-2000 mot TR 2016"]
[Site "Reykjavik"]
[Date "2016.11.02"]
[Round "2"]
[White "Bjarnason, Larus H"]
[Black "Kolka, Dawid"]
[Result "0-1"]
[WhiteElo "1594"]
[BlackElo "1907"]
[PlyCount "124"]
[EventDate "2016.10.26"]
[EventType "swiss"]
[EventRounds "7"]
[EventCountry "ISL"]

1. e4 c6 2. f4 d5 3. e5 Bf5 4. d4 e6 5. Nf3 Nd7 6. Bd3 Bxd3 7. Qxd3 Ne7 8. Be3
Nf5 9. Bf2 Be7 10. c3 Rc8 11. Nbd2 g6 12. Rd1 a6 13. Nf1 c5 14. g4 Ng7 15. Ng3
h5 16. h3 Qb6 17. Rd2 cxd4 18. Bxd4 Bc5 19. Rhh2 Bxd4 20. Nxd4 Nc5 21. Qf3 h4
22. Nf1 Ne4 23. Rdg2 Qc7 24. Nd2 Nxd2 25. Rxd2 b5 26. a3 Qd7 27. Qf2 Rc4 28.
Rg2 a5 29. Nc2 Qc7 30. Rd4 Rc6 31. Qe3 Qd7 32. Re2 Kf8 33. Qf2 Rc7 34. Ne3 Rc8
35. Ng2 Qe7 36. Rd3 b4 37. Qb6 bxc3 38. Rxc3 Rxc3 39. bxc3 Qxa3 40. Qd6+ Qxd6
41. exd6 Ke8 42. Ra2 Kd7 43. Rxa5 Kxd6 44. Kd2 Rb8 45. Nxh4 Rb2+ 46. Ke3 Rh2
47. Ra7 Rxh3+ 48. Nf3 f5 49. Rxg7 fxg4 50. Rxg6 Rxf3+ 51. Kd2 Rxf4 52. Kd3 Rf3+
53. Ke2 Rxc3 54. Rxg4 Ke5 55. Rh4 d4 56. Kd2 Rf3 57. Ke2 Rf4 58. Rh3 Ke4 59.
Ra3 e5 60. Rh3 Rg4 61. Rh2 d3+ 62. Kd2 Kd4 0-1

[Event "U-2000 mot TR 2016"]
[Site "Reykjavik"]
[Date "2016.11.02"]
[Round "2"]
[White "Ingvarsson, Kjartan"]
[Black "Sigurdsson, Sigurdur J"]
[Result "1-0"]
[WhiteElo "1822"]
[BlackElo "1728"]
[PlyCount "35"]
[EventDate "2016.10.26"]
[EventType "swiss"]
[EventRounds "7"]
[EventCountry "ISL"]

1. d4 Nf6 2. f3 g6 3. e4 d6 4. Bg5 Bg7 5. Qd2 h6 6. Bh4 O-O 7. Bc4 Nbd7 8. a4
a5 9. Ne2 d5 10. Bd3 dxe4 11. fxe4 g5 12. Bf2 c5 13. c3 b6 14. O-O Bb7 15. Ng3
e6 16. h3 Nb8 17. dxc5 Nxe4 18. Bxe4 1-0

[Event "U-2000 mot TR 2016"]
[Site "Reykjavik"]
[Date "2016.11.02"]
[Round "2"]
[White "Thorsteinsson, Hilmar"]
[Black "Stefansson, David"]
[Result "1-0"]
[WhiteElo "1800"]
[BlackElo "1595"]
[PlyCount "67"]
[EventDate "2016.10.26"]
[EventType "swiss"]
[EventRounds "7"]
[EventCountry "ISL"]

1. d4 Nf6 2. c4 e6 3. Nc3 Bb4 4. Qc2 O-O 5. Bg5 h6 6. Bh4 d6 7. Nf3 Nbd7 8. a3
Bxc3+ 9. Qxc3 Re8 10. g4 Nf8 11. g5 hxg5 12. Bxg5 Ng6 13. h4 Nf8 14. Nd2 N8h7
15. O-O-O Qd7 16. e4 e5 17. f4 exf4 18. e5 Ng4 19. Bh3 dxe5 20. dxe5 Nxg5 21.
Bxg4 Qxg4 22. Rdg1 Qe2 23. Rxg5 Be6 24. Rhg1 g6 25. h5 c5 26. hxg6 fxg6 27.
Rxg6+ Kf7 28. Rf6+ Ke7 29. Rg7+ Kd8 30. Rxb7 a5 31. Qb3 Qxe5 32. Qb6+ Kc8 33.
Qc6+ Kd8 34. Rxe6 1-0

[Event "U-2000 mot TR 2016"]
[Site "Reykjavik"]
[Date "2016.11.02"]
[Round "2"]
[White "Johannsson, Johann Bernhard"]
[Black "Magnusdottir, Veronika Steinun"]
[Result "0-1"]
[WhiteElo "1426"]
[BlackElo "1778"]
[PlyCount "23"]
[EventDate "2016.10.26"]
[EventType "swiss"]
[EventRounds "7"]
[EventCountry "ISL"]

1. d4 d5 2. c4 c6 3. cxd5 cxd5 4. Bf4 Nf6 5. Nc3 Bf5 6. Qb3 Qd7 7. Nb5 Na6 8.
Rc1 e5 9. Bxe5 Bb4+ 10. Nc3 Ng4 11. Bxg7 Rg8 12. Be5 0-1

[Event "U-2000 mot TR 2016"]
[Site "Reykjavik"]
[Date "2016.11.02"]
[Round "2"]
[White "Thorsson, Pall"]
[Black "Briem, Hedinn"]
[Result "0-1"]
[WhiteElo "1771"]
[BlackElo "1588"]
[PlyCount "195"]
[EventDate "2016.10.26"]
[EventType "swiss"]
[EventRounds "7"]
[EventCountry "ISL"]

1. e4 d5 2. exd5 Nf6 3. Nc3 Nxd5 4. d3 Nxc3 5. bxc3 e5 6. g3 Bc5 7. Nf3 Bg4 8.
h3 Bxf3 9. Qxf3 c6 10. Bg2 O-O 11. O-O Nd7 12. Rb1 Nb6 13. Be3 Bxe3 14. Qxe3
Qc7 15. Rfe1 Rae8 16. Qg5 h6 17. Qh5 Nd5 18. Rb3 Nxc3 19. g4 Nd5 20. h4 Nf4 21.
Qf5 g6 22. Qe4 Nxg2 23. Kxg2 Qd7 24. Kg3 f5 25. Qc4+ Kh7 26. f3 fxg4 27. Qxg4
Rf5 28. d4 h5 29. Qe4 Rf4 30. Qe3 Rxd4 31. c3 Rf4 32. Qxa7 Re7 33. Rxe5 Rxf3+
34. Kxf3 Qg4+ 35. Kf2 Qxh4+ 36. Kg2 Qg4+ 37. Kh2 Qf4+ 38. Kg2 Qxe5 39. Rxb7
Qd5+ 40. Kg1 Rxb7 41. Qxb7+ Kh6 42. Qc7 Qc5+ 43. Kg2 Qg5+ 44. Kf3 Qg4+ 45. Kf2
Qf5+ 46. Kg3 Qd3+ 47. Kg2 Qc2+ 48. Kf3 Qxc3+ 49. Ke4 Qc2+ 50. Kd4 Qb2+ 51. Kc5
Qc3+ 52. Kb6 Qb4+ 53. Ka6 c5 54. Qe7 Qc4+ 55. Kb6 Qb4+ 56. Ka6 Qa3+ 57. Kb6
Qb2+ 58. Kc6 Qxa2 59. Qf8+ Kh7 60. Qe7+ Kg8 61. Qg5 Qa8+ 62. Kc7 Qe8 63. Qxc5
Qf7+ 64. Kb6 Kg7 65. Qc8 h4 66. Qg4 Qf6+ 67. Kc7 Kh6 68. Qh3 g5 69. Kd7 Kg6 70.
Kc7 Qf4+ 71. Kb6 Kh5 72. Qe6 Qf2+ 73. Kb7 Qb2+ 74. Ka8 Qg2+ 75. Kb8 Qg3+ 76.
Ka7 h3 77. Qf7+ Kg4 78. Qe6+ Kf3 79. Qf5+ Kg2 80. Qd5+ Kh2 81. Qd2+ Kh1 82. Qe2
g4 83. Ka6 Qg2 84. Qe1+ Kh2 85. Qe5+ g3 86. Qf4 Kg1 87. Ka5 Qf2 88. Qc1+ Kh2
89. Qc4 Kh1 90. Qc1+ Qg1 91. Qc6+ g2 92. Qf3 Qc5+ 93. Ka4 Qd4+ 94. Ka5 Qh4 95.
Qd5 Kh2 96. Qd2 Qg3 97. Ka4 Qf3 98. Qf4+ 0-1

[Event "U-2000 mot TR 2016"]
[Site "Reykjavik"]
[Date "2016.11.02"]
[Round "2"]
[White "Kristofersson, Sindri Snaer"]
[Black "Gunnarsson, Helgi Petur"]
[Result "0-1"]
[WhiteElo "1172"]
[BlackElo "1801"]
[PlyCount "54"]
[EventDate "2016.10.26"]
[EventType "swiss"]
[EventRounds "7"]
[EventCountry "ISL"]

1. d4 Nf6 2. c4 e5 3. dxe5 Ng4 4. Nf3 Nc6 5. e3 d6 6. exd6 Bxd6 7. h3 Nge5 8.
Nxe5 Nxe5 9. Nc3 Be6 10. a3 Nxc4 11. Bxc4 Bxc4 12. Qd4 Be6 13. Qxg7 Rf8 14.
Qxh7 Qg5 15. Qe4 O-O-O 16. Qf3 Rg8 17. Rg1 Bh2 18. Rh1 Qxg2 19. Qxg2 Rxg2 20.
Kf1 Bxh3 21. Rxh2 Rxh2+ 22. Kg1 Rg2+ 23. Kf1 Rdg8 24. Ke2 Bg4+ 25. Kf1 Bf3 26.
Ke1 Rd8 27. Kf1 Rh2 0-1

[Event "U-2000 mot TR 2016"]
[Site "Reykjavik"]
[Date "2016.11.02"]
[Round "2"]
[White "Magnusson, Thorsteinn"]
[Black "Geirsson, Kristjan"]
[Result "0-1"]
[WhiteElo "1379"]
[BlackElo "1610"]
[PlyCount "28"]
[EventDate "2016.10.26"]
[EventType "swiss"]
[EventRounds "7"]
[EventCountry "ISL"]

1. d4 Nf6 2. Bf4 e6 3. Nc3 Bb4 4. e3 Ne4 5. Qd3 d5 6. a3 Bxc3+ 7. bxc3 b6 8. c4
Ba6 9. Qb3 O-O 10. Nf3 Nc6 11. Qa4 Na5 12. cxd5 Bxf1 13. Kxf1 exd5 14. g3 g5
0-1

[Event "U-2000 mot TR 2016"]
[Site "Reykjavik"]
[Date "2016.11.02"]
[Round "2"]
[White "Briem, Stephan"]
[Black "Alexandersson, Orn"]
[Result "1-0"]
[WhiteElo "1594"]
[BlackElo "1217"]
[PlyCount "99"]
[EventDate "2016.10.26"]
[EventType "swiss"]
[EventRounds "7"]
[EventCountry "ISL"]

1. d4 d5 2. c4 e6 3. Nc3 Nf6 4. cxd5 exd5 5. Bg5 Be7 6. e3 Bf5 7. Qb3 Nbd7 8.
Nf3 c5 9. Be2 Rb8 10. O-O c4 11. Qd1 O-O 12. Ne5 a6 13. a4 h6 14. Bxf6 Nxf6 15.
b3 cxb3 16. Qxb3 a5 17. Rfc1 Bb4 18. Na2 Bd6 19. Nc3 Bb4 20. Nb5 Nd7 21. Qxd5
Be6 22. Qe4 Nf6 23. Qh4 Be7 24. f3 Ng4 25. Qe1 Bb4 26. Qg3 Nxe3 27. Bd3 Rc8 28.
Be4 Nf5 29. Qf2 Qg5 30. f4 Qe7 31. Kh1 b6 32. Nc6 Qd7 33. Nxb4 axb4 34. Rd1 Bd5
35. Qf3 Bxe4 36. Qxe4 Rfe8 37. Qd3 Qd5 38. Re1 Red8 39. Re5 Qc6 40. Rxf5 Qc1+
41. Qf1 Qe3 42. Re5 Qb3 43. Qd1 Qc4 44. h3 f6 45. Re7 f5 46. Qh5 Kf8 47. Qxf5+
Kxe7 48. Re1+ Qe6 49. Rxe6+ Kd7 50. Qf7# 1-0

[Event "U-2000 mot TR 2016"]
[Site "Reykjavik"]
[Date "2016.11.02"]
[Round "2"]
[White "Haile, Batel Goitom"]
[Black "Aronsson, Gudmundsson"]
[Result "0-1"]
[WhiteElo "1297"]
[BlackElo "1767"]
[PlyCount "106"]
[EventDate "2016.10.26"]
[EventType "swiss"]
[EventRounds "7"]
[EventCountry "ISL"]

1. e4 c5 2. c4 g6 3. Nf3 Bg7 4. Be2 Nf6 5. Nc3 Nc6 6. d3 d6 7. h3 Bd7 8. Be3 a6
9. Qd2 Qc7 10. O-O h6 11. Nd5 Nxd5 12. exd5 Nd4 13. Nxd4 cxd4 14. Bf4 g5 15.
Bh2 O-O 16. f4 f6 17. Bh5 Be8 18. Bg4 f5 19. Bf3 Bf6 20. Qe2 Kg7 21. Bh5 Bg6
22. Bxg6 Kxg6 23. Qe6 Qc8 24. Rae1 Qxe6 25. Rxe6 b5 26. Rc1 Rac8 27. b3 a5 28.
Rc2 b4 29. Rc1 a4 30. Kf2 axb3 31. axb3 Ra8 32. Kg3 Ra2 33. c5 dxc5 34. Rxc5
Rd2 35. Rc4 Rxd3+ 36. Kf2 Rxb3 37. Rxd4 Kf7 38. Rc4 Rd8 39. Rb6 Rxd5 40. Rbxb4
Rbd3 41. fxg5 hxg5 42. Rb7 Rd2+ 43. Kf1 Rd1+ 44. Kf2 R5d2+ 45. Kf3 Bd4 46. Bd6
Rf1+ 47. Kg3 Bf2+ 48. Kh2 Rxd6 49. Rcc7 Re1 50. Rb5 Kf6 51. Rc8 f4 52. Rf8+ Kg7
53. Rc8 Bg3# 0-1

[Event "U-2000 mot TR 2016"]
[Site "Reykjavik"]
[Date "2016.11.02"]
[Round "2"]
[White "Thorsteinsson, Leifur"]
[Black "Jonsson, Kristjan Dagur"]
[Result "1-0"]
[WhiteElo "1541"]
[BlackElo "1258"]
[PlyCount "69"]
[EventDate "2016.10.26"]
[EventType "swiss"]
[EventRounds "7"]
[EventCountry "ISL"]

1. d4 Nf6 2. c4 g6 3. Nc3 Bg7 4. Nf3 O-O 5. Bg5 d6 6. e3 h6 7. Bh4 g5 8. Bg3
Bg4 9. Bd3 Nbd7 10. O-O Re8 11. h3 Bh5 12. d5 Nc5 13. Bc2 e5 14. dxe6 fxe6 15.
Rc1 e5 16. b4 Na6 17. Nd5 c6 18. Nxf6+ Qxf6 19. Qd2 Bxf3 20. gxf3 Rad8 21. Be4
Nc7 22. Qe2 Rf8 23. Rfd1 Rd7 24. Rc2 Rfd8 25. Rcd2 Qe7 26. Rd3 b5 27. Bxc6 bxc4
28. Rc3 e4 29. Rc2 exf3 30. Qxc4+ d5 31. Qg4 Na6 32. Bxd7 Rxd7 33. Rc8+ Rd8 34.
Rxd8+ Qxd8 35. Qe6+ 1-0

[Event "U-2000 mot TR 2016"]
[Site "Reykjavik"]
[Date "2016.11.02"]
[Round "2"]
[White "Jonasson, Hordur"]
[Black "Birkisdottir, Freyja"]
[Result "1-0"]
[WhiteElo "1532"]
[BlackElo "1186"]
[PlyCount "139"]
[EventDate "2016.10.26"]
[EventType "swiss"]
[EventRounds "7"]
[EventCountry "ISL"]

1. d4 d5 2. Bf4 Nf6 3. Nf3 g6 4. e3 Bg7 5. h3 h6 6. Be2 O-O 7. Nbd2 a6 8. g4 g5
9. Be5 Nbd7 10. h4 Nxg4 11. Bxg7 Kxg7 12. hxg5 Rh8 13. Rg1 h5 14. Nh4 Nb6 15.
Nf1 Qd6 16. Rg2 Qb4+ 17. c3 Qxb2 18. Qc1 Qxc1+ 19. Rxc1 Nc4 20. Bxc4 dxc4 21.
f3 b5 22. fxg4 hxg4 23. Rh2 Rb8 24. a3 Bd7 25. Ng2 Bc6 26. Nf4 Bf3 27. Rcc2 Be4
28. Rcd2 a5 29. Ng3 Bg6 30. Rxh8 Rxh8 31. Kf1 c6 32. Kg2 Rb8 33. Nxg6 Kxg6 34.
Rb2 Kxg5 35. Ne4+ Kf5 36. Nf2 Rg8 37. Kg3 Kg5 38. e4 Rf8 39. Nxg4 f5 40. exf5
Rxf5 41. Ne5 Rf6 42. Nxc6 Rxc6 43. Rxb5+ Kf6 44. Rxa5 Rb6 45. Rc5 Rb3 46. Rxc4
Rxa3 47. Rc6+ Kg5 48. Kf3 e6 49. Ke4 Ra4 50. Rxe6 Rc4 51. Re5+ Kf6 52. Rc5 Rxc5
53. dxc5 Ke6 54. c4 Kd7 55. Kd5 Kc7 56. c6 Kc8 57. Kd6 Kd8 58. c7+ Kc8 59. c5
Kb7 60. Kd7 Ka7 61. c6 Kb6 62. c8=Q Kc5 63. Qf8+ Kd4 64. Qf5 Kc4 65. c7 Kd4 66.
c8=Q Ke3 67. Qc3+ Ke2 68. Qfd3+ Kf2 69. Qcc2+ Ke1 70. Qdd1# 1-0

[Event "U-2000 mot TR 2016"]
[Site "Reykjavik"]
[Date "2016.11.02"]
[Round "2"]
[White "Sigurvaldason, Hjalmar Hrafn"]
[Black "Moller, Tomas"]
[Result "1-0"]
[WhiteElo "1495"]
[BlackElo "1028"]
[PlyCount "107"]
[EventDate "2016.10.26"]
[EventType "swiss"]
[EventRounds "7"]
[EventCountry "ISL"]

1. d4 d6 2. c4 f5 3. g3 Nf6 4. Bg2 g6 5. Nc3 Bg7 6. Nf3 O-O 7. O-O a6 8. b4 c6
9. Qb3 Kh8 10. Bb2 Qe8 11. Rad1 Qf7 12. Ng5 Qg8 13. f4 h6 14. Nh3 b5 15. c5
Qxb3 16. axb3 d5 17. Nf2 Ne4 18. Nfxe4 fxe4 19. h4 Bg4 20. Kh2 Nd7 21. Bh3 Bxh3
22. Kxh3 Nf6 23. e3 h5 24. Ne2 Ng4 25. Bc1 a5 26. Bd2 axb4 27. Ra1 Rxa1 28.
Rxa1 Rc8 29. Ra7 Bf6 30. Kg2 Kg8 31. Nc1 Kf8 32. Na2 Ke8 33. Nxb4 Nh6 34. Kf2
Kd8 35. Na6 Ng4+ 36. Ke2 Nh2 37. Ba5+ Ke8 38. Bc7 Nf3 39. Be5 Bxe5 40. fxe5 Kd8
41. e6 Ke8 42. Nc7+ Kf8 43. Na8 Ke8 44. Nb6 Rb8 45. Rc7 Rd8 46. Rxc6 Rb8 47.
Nxd5 Ng1+ 48. Kf2 Nf3 49. Rc7 Nd2 50. b4 Nc4 51. Rxe7+ Kf8 52. Rf7+ Kg8 53.
Nf6+ Kh8 54. Rh7# 1-0

[Event "U-2000 mot TR 2016"]
[Site "Reykjavik"]
[Date "2016.11.02"]
[Round "2"]
[White "Baldursson, Atli Mar"]
[Black "Ulfsson, Olafur Evert"]
[Result "0-1"]
[WhiteElo "1203"]
[BlackElo "1464"]
[PlyCount "48"]
[EventDate "2016.10.26"]
[EventType "swiss"]
[EventRounds "7"]
[EventCountry "ISL"]

1. d4 e6 2. c4 d5 3. Nc3 Nf6 4. cxd5 exd5 5. Bg5 Be7 6. Qc2 Be6 7. e3 Nbd7 8.
Bd3 h6 9. Bxf6 Nxf6 10. Nf3 c6 11. O-O O-O 12. Rab1 Bd6 13. b4 a6 14. a4 b5 15.
h3 Qe7 16. Na2 Rfc8 17. Rfc1 Bd7 18. a5 Re8 19. Nd2 Ne4 20. Nb3 Qg5 21. Kf1
Nxf2 22. Qxf2 Bg3 23. Qd2 Rxe3 24. Re1 Qf4+ 0-1

[Event "U-2000 mot TR 2016"]
[Site "Reykjavik"]
[Date "2016.11.02"]
[Round "2"]
[White "Gudmundsson, Gunnar Erik"]
[Black "Kristjansson, Halldor Atli"]
[Result "0-1"]
[WhiteElo "1082"]
[BlackElo "1412"]
[PlyCount "128"]
[EventDate "2016.10.26"]
[EventType "swiss"]
[EventRounds "7"]
[EventCountry "ISL"]

1. d4 d5 2. c4 c6 3. Nc3 Nf6 4. e3 e6 5. a3 Nbd7 6. Qc2 Be7 7. Nf3 O-O 8. b3 b6
9. Bd3 dxc4 10. bxc4 Qc7 11. O-O Bb7 12. e4 e5 13. Re1 exd4 14. Nxd4 Bd6 15.
Nf3 Ne5 16. Nxe5 Bxe5 17. g3 Rad8 18. Bb2 Bd4 19. Kf1 Qd7 20. f3 Qe6 21. Ke2
Rfe8 22. Kf1 Qh3+ 23. Ke2 Qg2+ 24. Kd1 Qxf3+ 25. Kd2 Qh5 26. Re2 Bxc3+ 27. Kxc3
Qa5+ 28. Kb3 Nd7 29. Bc3 Nc5+ 30. Ka2 Qa4 31. Re3 Ba6 32. Qxa4 Nxa4 33. Kb3
Nc5+ 34. Kc2 Nxd3 35. Rxd3 Bxc4 36. Rxd8 Rxd8 37. Re1 h6 38. e5 Bd3+ 39. Kb2
Bf5 40. h4 Rd3 41. Rg1 Rf3 42. Be1 Re3 43. Bc3 Re2+ 44. Kb3 Bc2+ 45. Kc4 Re4+
46. Bd4 c5 47. Kc3 cxd4+ 48. Kxc2 Rxe5 49. Kd3 Rd5 50. Kc4 Rd7 51. Rd1 Kf8 52.
Rxd4 Rxd4+ 53. Kxd4 Ke7 54. Kd5 Kd7 55. h5 a6 56. g4 g6 57. g5 Ke7 58. gxh6 Kf8
59. hxg6 fxg6 60. Ke5 Kg8 61. Kf6 Kh7 62. Kg5 b5 63. Kg4 Kxh6 64. Kf4 Kh5 0-1

[Event "U-2000 mot TR 2016"]
[Site "Reykjavik"]
[Date "2016.11.02"]
[Round "2"]
[White "Briem, Benedikt"]
[Black "Heidarsson, Arnar"]
[Result "1/2-1/2"]
[WhiteElo "1077"]
[BlackElo "1358"]
[PlyCount "82"]
[EventDate "2016.09.18"]
[EventType "swiss"]
[EventRounds "7"]
[EventCountry "ISL"]

1. d4 d5 2. Bf4 Bf5 3. e3 Nd7 4. Nf3 c5 5. c3 Qb6 6. Qc1 cxd4 7. exd4 g6 8. Be2
Bg7 9. O-O Ngf6 10. Nbd2 O-O 11. Re1 Nh5 12. Be3 Nhf6 13. Ne5 Qc7 14. Bf4 Qb6
15. h3 Nxe5 16. Bxe5 Bh6 17. Bh2 Ne4 18. f4 e5 19. Nb3 exd4 20. cxd4 Bg7 21.
Qd1 Bd7 22. Bf3 f5 23. Nc5 Bc6 24. Ne6 Qxb2 25. Re2 Qb6 26. Bxe4 dxe4 27. Rb1
Qa5 28. Nxf8 Qd5 29. Nxg6 Bxd4+ 30. Kh1 hxg6 31. Qb3 Qxb3 32. Rxb3 Rc8 33. Bg1
Bd5 34. Bxd4 Rc1+ 35. Kh2 Bxb3 36. axb3 a6 37. b4 Rc4 38. Bc5 a5 39. Rb2 a4 40.
Ra2 b5 41. g3 Rc3 1/2-1/2